000 00506nam a2200145Ia 4500
008 100204s9999 xx 000 0 und d
082 _b6068
100 _aगोखले पटेल सुशिला
245 _aमृगजळातील नौका
260 _b"ह . वि . मोटे प्रकाशन , पुणे"
_c1981
300 _a396
630 _aमृगजळातील नौका
730 _aमृगजळातील नौका
942 _cBOOK
999 _c450563
_d450560